[Event "WSTCC-50 2020"]
[Site "Prague"]
[Date "2020.03.09"]
[Round "4.14"]
[White "Sergeyev, Alexander"]
[Black "Zpevak, Pavel"]
[Result "0-1"]
[WhiteElo "2398"]
[BlackElo "2344"]
[Annotator "TA"]
[PlyCount "82"]
[EventDate "2020.03.06"]
[EventType "team-tourn"]
[EventCountry "CZE"]
[SourceTitle "playchess.com"]
[Source "ChessBase"]
[SourceQuality "1"]

{[%evp 17,82,8,18,-45,-43,-50,-43,-62,-36,-36,-33,-28,-35,-43,-37,-44,-39,-57,-55,-55,-44,-75,-56,-82,-70,-119,-113,-113,-101,-357,-334,-347,-353,-339,-331,-328,-320,-350,-337,-385,-385,-382,-393,-470,-416,-502,-483,-566,-557,-551,-525,-609,-602,-616,-610,-567,-551,-559,-561,-556,-526,-884,-870,-1214,-1176,-29991,-1033]} 1. c4 Nf6 2. Nc3 e5 3. Nf3 Nc6 4. g3 Bc5 5. d3 h6 6. Bg2 d6 7. O-O a6 8. a3 O-O 9. b4 Ba7 10. b5 {A29: English Opening: Four Knights Variation with 4 g3.} (10. e3 $11) 10... axb5 $15 11. cxb5 Na5 12. Bd2 {Black is slightly better.} Be6 13. Rb1 {[#]} c6 $146 ({Predecessor:} 13... Qd7 14. Qa4 Bb6 15. Be3 Bxe3 16. fxe3 c6 17. d4 Bf5 18. Rb2 Be6 19. dxe5 Nc4 {0-1 (42) Miljkov,A-Ulicevic,K Niska Banja 2004}) 14. bxc6 bxc6 15. Qc2 Nd7 16. Rb2 Bc5 17. a4 Ba3 18. Rbb1 d5 19. Na2 Be7 20. Bb4 c5 21. Ba3 Nc6 22. Rb5 Qc8 23. Rfb1 $2 {[%mdl 8192] [#]} (23. Nc3 $17) 23... e4 $1 $19 {[%cal Re4f3][%mdl 576] Deflection} 24. dxe4 dxe4 25. Qxe4 Bxa2 26. Rc1 Be6 27. Bb2 Qa6 28. Nd2 Rfc8 29. Ra1 Ra7 30. h4 Rac7 31. e3 Na7 32. Bf1 Nxb5 33. axb5 Qd6 34. Nc4 Bxc4 35. Bxc4 {White hopes to continue with Ra6.} Bf6 36. Bxf6 Nxf6 ({Worse is} 36... gxf6 37. Qg6+ Kh8 38. Qxh6+ Kg8 39. Qg6+ Kh8 40. Qh6+ (40. Bxf7 Qf8 $11) 40... Kg8 41. Qg6+ Kh8 42. Bxf7 $11) 37. Qf5 Re8 38. Ra6 Qe5 39. Qg6 Rd7 40. b6 Qc3 41. Ba2 Qa1+ {White got outplayed after the opening. Accuracy: White = 51%, Black = 94%.} (41... Qe1+ $142 42. Kg2 Rd1 43. Qxf7+ Kh7 44. Qg6+ {[%mdl 64] Decoy} Kxg6 45. Bf7+ Kh7 46. Bg6+ Kxg6 47. g4 Qh1+ {[%mdl 64] Double Attack} 48. Kg3 Rg1+ 49. Kf4 Rxg4#) 0-1

[Event "WSTCC-50 2020"]
[Site "Prague"]
[Date "2020.03.09"]
[Round "4.15"]
[White "Polasek, Jaroslav"]
[Black "Goriatchkin, Jouri"]
[Result "1/2-1/2"]
[WhiteElo "2365"]
[BlackElo "2310"]
[Annotator "TA"]
[PlyCount "108"]
[EventDate "2020.03.06"]
[EventType "team-tourn"]
[EventCountry "CZE"]
[SourceTitle "playchess.com"]
[Source "ChessBase"]
[SourceQuality "1"]

{[%evp 16,108,12,0,0,0,10,0,0,0,10,10,47,17,19,23,263,24,33,34,83,83,83,83,88,80,88,80,77,70,59,70,112,48,65,16,14,16,16,18,16,15,18,22,24,29,49,45,46,0,0,0,0,0,0,0,0,0,0,0,0,0,0,0,0,5,0,0,0,0,0,0,0,0,0,0,0,0,8,0,0,0,0,0,0,0,0,0,0,0,0,0,0,0,0]} 1. e4 e6 2. d4 d5 3. Nc3 Nf6 4. e5 Nfd7 5. f4 c5 6. Nf3 Nc6 7. Be3 a6 8. Qd2 b5 9. Qf2 Qb6 {C11: French: Classical System: 4 e5 and 4 Bg5 dxe4.} 10. Bd3 cxd4 11. Nxd4 Bc5 {[%cal Rc6d4]} 12. Nce2 b4 13. O-O f6 {[#]} 14. exf6 $146 ({Predecessor:} 14. Kh1 O-O 15. exf6 Rxf6 16. Nxc6 Bxe3 17. Qg3 Bb7 18. Ne5 Nxe5 19. fxe5 Bf2 20. Qg4 {1-0 (28) Shaposhnikov,E (2503)-Alavkin,A (2397) Samara 2000}) 14... Nxf6 15. Nf5 d4 $2 (15... Bxe3 $11 16. Qxe3 Qxe3+ 17. Nxe3 O-O) 16. Bxd4 $2 (16. Nxg7+ $18 Kd8 17. Qh4) 16... Nxd4 $11 17. Nfxd4 Ng4 {[#]} 18. Qf3 $1 {[%csl LRa8,LRg4][%mdl 64] aiming for c3. Double Attack} Bxd4+ 19. Nxd4 Qxd4+ 20. Kh1 Ra7 {Strongly threatening ...Nf6.} 21. Qxg4 {Black must now prevent Rad1.} O-O 22. Qh5 g6 23. Qe5 Rd8 24. a3 (24. Rfe1 $16) 24... b3 25. Rae1 bxc2 26. Bxc2 {And now Rd1 would win.} Qxe5 27. Rxe5 Rd2 28. Bb3 Rxb2 29. Bxe6+ Bxe6 30. Rxe6 {[%mdl 4096] Endgame KRR-KRR} Ra2 31. Re3 Rd7 32. h4 Rdd2 {The position is equal.} 33. Rg3 Rf2 34. Kg1 Rxf1+ $1 35. Kxf1 {KR-KR} Ra1+ 36. Kf2 Ra2+ 37. Kg1 Ra1+ 38. Kf2 Ra2+ 39. Kg1 Ra1+ 40. Kh2 Rf1 41. h5 Rxf4 42. hxg6 h5 43. Rg5 Ra4 44. Rxh5 Rxa3 45. Rh7 Rd3 46. Ra7 Rd6 47. g7 Rh6+ 48. Kg3 Rg6+ 49. Kf3 Rf6+ 50. Ke4 Rg6 51. Kf3 Rf6+ 52. Kg3 Rg6+ 53. Kf2 Rf6+ 54. Kg1 Rg6 {Accuracy: White = 80%, Black = 87%.} 1/2-1/2

[Event "WSTCC-50 2020"]
[Site "Prague"]
[Date "2020.03.09"]
[Round "4.16"]
[White "Tolstikh, Nikolay"]
[Black "Vrbata, Zbynek"]
[Result "1/2-1/2"]
[WhiteElo "2320"]
[BlackElo "2350"]
[Annotator "TA"]
[PlyCount "258"]
[EventDate "2020.03.06"]
[EventType "team-tourn"]
[EventCountry "CZE"]
[SourceTitle "playchess.com"]
[Source "ChessBase"]
[SourceQuality "1"]

{[%evp 13,258,35,45,31,40,20,31,35,47,42,37,21,52,43,47,33,44,52,51,25,34,13,24,0,70,72,84,31,72,21,33,27,28,18,21,0,0,0,45,31,77,67,76,54,70,37,53,45,68,45,50,45,80,41,110,102,106,103,113,103,104,101,97,100,109,116,109,102,113,47,47,48,73,66,76,58,60,0,75,74,73,58,68,47,65,55,59,66,75,72,79,79,72,72,74,58,58,47,47,47,55,47,47,47,55,48,48,53,132,138,133,134,128,127,134,68,228,237,313,238,258,231,242,229,161,235,253,175,243,240,224,230,248,241,242,178,259,186,223,0,245,193,230,193,193,193,183,180,246,213,194,204,354,284,275,274,223,55,818,789,2281,2285,2066,2057,2015,2004,2447,1056,2553,2497,2246,2220,1835,1538,5077,314,1713,1495,1818,1587,5069,410,310,190,173,232,222,207,180,147,145,120,766,0,0,0,0,0,0,8,8,8,8,8,8,0,0,0,158,0,0,0,159,0,0,0,76,0,14,-375,0,0,0,-80,-80,-80,-80,-80,-80,-80,-80,-85,-84,-83,-79,-79,-79,-79,-79,-79,-8,-8,-8,-8,-8,-8,-8]} 1. d4 Nf6 2. c4 g6 3. Nf3 Bg7 4. g3 O-O 5. Bg2 d6 6. O-O c6 7. Nc3 Qa5 8. Bd2 {E62: King's Indian: Fianchetto: 6...c6 and Panno Variation (6...Nc6) without ...a6.} Qa6 {Nowadays more popular than 8...Qh5.} 9. b3 d5 10. cxd5 {White is slightly better.} cxd5 11. Ne5 Nc6 12. Nxc6 ({Don't play} 12. Nxd5 Nxd5 13. Bxd5 Nxe5 $17) 12... bxc6 13. Rc1 Bf5 {[#]} 14. Bf4 $146 ({Predecessor:} 14. Na4 Nd7 15. Be3 Rac8 16. Qd2 Rfe8 17. Rfe1 e5 18. dxe5 Bxe5 19. Nc5 Nxc5 20. Bxc5 {½-½ (37) Sgircea,S (2208)-Kiefer,G (2259) Forni di Sopra 2017}) 14... Nd7 15. Qd2 e5 16. Be3 Rfe8 17. Rfe1 Bf8 18. dxe5 Rxe5 (18... Ba3 $11) 19. Bd4 $14 Re6 20. Na4 (20. e4 $16 dxe4 21. Nxe4 (21. Bxe4 Bxe4 22. Nxe4 Rae8 $14)) 20... h5 21. Bf1 (21. Bc5 $16) 21... Qb7 $11 22. Nc5 Nxc5 23. Bxc5 Bg7 24. Bd4 Bxd4 25. Qxd4 Qb6 26. Red1 Rd8 27. Rd2 Red6 28. Rc5 Rb8 29. Rd1 Re8 30. Rdc1 Bd7 31. Qf4 Rde6 32. e3 Re5 33. Bd3 Kg7 (33... a5 $1 $14) 34. Qd4 $36 {[%mdl 2048] White is in control.} Kg8 35. b4 R5e7 36. Kg2 Rb8 37. a3 Be8 38. Qf4 Kg7 39. h3 Rd8 40. Qd4+ f6 41. Ra5 (41. h4 $16) 41... Qxd4 $14 42. exd4 Rb8 43. h4 Kf7 44. Kf3 Bd7 45. Kg2 Be8 $1 46. Rc3 Rb6 47. Rc2 Kf8 48. Kf3 Kf7 49. Re2 Rbb7 50. Re3 Kf8 51. Ke2 Kf7 52. Kd2 Kf8 53. Ra6 Kf7 54. Rxe7+ (54. Rf3 {seems wilder.} Rb6 55. Ra5 Rbb7 56. Bc2 Re6 57. Rc3) 54... Kxe7 $16 {[%mdl 4096] Endgame KRB-KRB} 55. Kc3 g5 56. a4 Rc7 57. Ra5 Kd6 58. Kd2 Rb7 59. b5 $1 cxb5 60. axb5 Rb6 (60... Rc7 $14) 61. Kc3 ({But not} 61. Rxa7 $6 Bxb5 62. Bg6 gxh4 $14) 61... Rb7 62. Kb4 Rc7 63. Ra6+ Ke7 64. f4 (64. Ra3 $16) 64... gxh4 $2 (64... g4 $1 $14) 65. gxh4 $18 Bf7 66. Ra1 Rb7 67. Re1+ Kd6 68. Rc1 Be8 69. Ra1 Rc7 70. Kb3 Rb7 (70... Bd7 $142 71. Kb4 Bg4) 71. Ra6+ Ke7 72. Kb4 Rc7 73. f5 Bd7 74. Ra1 Kd6 (74... Bc8 $142 75. Re1+ Kd8) 75. Rg1 Be8 76. Ra1 Bd7 77. Ra2 Ke7 78. Ra3 Kd6 79. Ra1 $1 Ke7 80. Rg1 Be8 (80... Kd8 $142 81. Rg7 Rc1) 81. Re1+ Kf7 82. Re6 Rc1 (82... Bd7 $142 83. Rd6 Ke7 84. Rxd5 Rc1) 83. Ra6 Rc7 84. Rd6 Rc1 85. Rxd5 $2 ({White has to play} 85. Be2 $1 $18 {[%cal Re2h5]} Re1 86. Re6) 85... Rh1 $2 {[%mdl 8192]} (85... Rd1 $14 86. Bc2 Rd2) 86. Rc5 Rxh4 87. Rc7+ Kf8 88. Kc5 Rh3 89. Bc4 Ra3 90. Rh7 (90. d5 $142 h4 91. d6) 90... Ra5 91. Kb4 Ra1 92. d5 Kg8 93. Re7 Bf7 94. Re4 $2 (94. d6 Rb1+ 95. Kc5 $1 {[%mdl 512]}) 94... Rb1+ $2 (94... Rd1 95. Kc5 Kf8) 95. Kc5 Rc1 96. Re7 Ra1 97. Re3 (97. d6 $142 Rc1 98. Rxf7 Rxc4+ {[%mdl 64] Remove Defender} 99. Kxc4 Kxf7 100. Kd5) 97... Kf8 98. Kd4 Rd1+ 99. Bd3 $1 Be8 {...Bxb5 is the strong threat.} 100. Kc5 Rc1+ 101. Kb4 Bd7 102. d6 $1 h4 $2 {[%mdl 8192]} (102... Rg1 $16) 103. Rh3 $2 (103. Re7 $18) 103... Rd1 $11 104. Kc3 Rc1+ 105. Kb4 Rd1 106. Kc4 Rc1+ 107. Kd4 Rd1 {aiming for ...Bxf5.} 108. Kc5 {Hoping for Bc4.} Rc1+ $1 109. Kb4 Rd1 110. Kb3 Bc8 $2 ({Black should try} 110... Ke8 $11) 111. Kb2 $2 ({Better is} 111. Kc4 $16) 111... Bd7 112. Kb3 Bc8 $2 (112... Ke8 $11) 113. Kb4 $2 (113. Kc4 $16) 113... Bd7 114. Re3 Rg1 {[#]} (114... Rc1 $11) 115. Kc5 (115. Re4 $1 $16 {[%cal Re4h4]} Rg3 116. Bc4 Bxf5 117. Rxh4) 115... Rg3 116. Kd4 $2 {[%mdl 8192]} (116. Re7 $11 {and White has nothing to worry.} Rg7 117. Re6) 116... Rg4+ $2 (116... Rxe3 $19 117. Kxe3 Ke8) 117. Kc3 Rg7 {next ...Rg3 is good for Black.} 118. Rh3 {[#]} (118. Kd4 $11) 118... Rg3 $1 $17 {[%cal Rg3h3]} 119. Rxh4 Bxf5 $1 120. Rf4 Bxd3 121. Rxf6+ {KRB-KR} Ke8 122. Re6+ Kd8 {White must now prevent ...Bf5+.} 123. Kb4 Rg5 124. Re7 Rxb5+ 125. Kc3 Rd5 {And now ...a6 would win.} 126. Rxa7 Rxd6 (126... Bf5 $17) 127. Ra4 $1 $11 {The position is equal.} Bb5 128. Rd4 $1 Kc7 129. Rxd6 Kxd6 {Black escapes into a draw. Accuracy: White = 72%, Black = 63%.} 1/2-1/2

[Event "WSTCC-50 2020"]
[Site "Prague"]
[Date "2020.03.09"]
[Round "4.17"]
[White "Sirotkina, Nina"]
[Black "Kubikova, Hana"]
[Result "1-0"]
[WhiteElo "2183"]
[BlackElo "2064"]
[Annotator "TA"]
[PlyCount "107"]
[EventDate "2020.03.06"]
[EventType "team-tourn"]
[EventCountry "CZE"]
[SourceTitle "playchess.com"]
[Source "ChessBase"]
[SourceQuality "1"]

{[%evp 13,107,0,0,0,22,13,38,38,45,37,50,37,64,52,48,46,46,47,50,60,65,61,85,75,95,91,101,114,191,195,260,260,261,247,237,158,157,162,164,157,157,157,152,156,250,241,239,243,254,243,283,234,225,224,216,201,213,203,236,220,233,226,222,205,342,332,367,357,432,416,585,585,987,994,967,931,922,898,765,738,1591,1435,5808,5627,5558,4598,1652,1446,5205,5077,29972,29965,29968,29966,29977,29964]} 1. d4 Nf6 2. Bf4 d5 3. e3 e6 4. Nf3 c5 5. c3 Nc6 6. Nbd2 Bd6 7. Bg3 O-O 8. Bb5 {D02: 1 d4 d5 2 Nf3 sidelines, including 2...Nf6 3 g3 and 2...Nf6 3 Bf4.} cxd4 9. exd4 Qc7 10. Bxd6 {White is slightly better.} Qxd6 11. O-O Ne7 12. Ne5 {[#]} Ng6 $146 ({Predecessor:} 12... a6 13. Ba4 Ne4 14. Nxe4 dxe4 15. Bc2 f6 16. Nc4 Qf4 17. Qe2 f5 18. Ne5 Rf6 19. Qe3 Qxe3 20. fxe3 {½-½ (44) Gadarinian,C (1830)-Iemmi,J (1670) Reims 2004}) 13. Re1 Qb6 14. Nxg6 hxg6 15. Qb3 $1 Qd6 16. Bd3 Ng4 17. Nf3 b6 18. Qd1 Bd7 19. Qd2 Rae8 20. Qg5 f5 (20... Nh6 $16) 21. h3 $18 e5 (21... Nh6 {keeps fighting.} 22. Qxg6 Rf6) 22. hxg4 e4 23. Ne5 exd3 24. Nxd3 fxg4 25. Ne5 Bf5 26. Nxg4 Bxg4 27. Qxg4 Qf6 28. Qg3 Re4 (28... Qf5 $16 {was worth a try.} 29. f3 Qc2) 29. Rxe4 dxe4 {[%mdl 4096] Endgame KQR-KQR} 30. Re1 Qf5 31. Qe3 Qa5 32. Qxe4 {[#] Hoping for Qe6+.} Qxa2 33. Qe6+ ({Don't play} 33. Qxg6 Qxb2 34. Qe6+ Kh8 $16) 33... Qxe6 34. Rxe6 {KR-KR} Rf5 35. Re7 a5 36. Kf1 Rb5 37. Re2 a4 38. Rc2 Rd5 (38... Rg5 $142 39. f3 Kf7) 39. Ke2 Kf7 40. Kd3 b5 41. Re2 Rd7 (41... Rg5 $142 42. f3 Rh5) 42. c4 bxc4+ 43. Kxc4 Rc7+ 44. Kb5 Rd7 45. Kc5 Rc7+ 46. Kd6 Ra7 47. d5 a3 48. bxa3 Rxa3 49. Kc6 Rc3+ 50. Kd7 Rc1 51. d6 Rc5 52. Kd8 {White mates.} Rc6 53. d7 Rc4 54. Re3 {Accuracy: White = 96%, Black = 48%.} 1-0

[Event "WSTCC-50 2020"]
[Site "Prague"]
[Date "2020.03.09"]
[Round "4.18"]
[White "Svobodova, Michaela"]
[Black "Bogumil, Tatiana"]
[Result "0-1"]
[WhiteElo "1988"]
[BlackElo "2182"]
[Annotator "TA"]
[PlyCount "104"]
[EventDate "2020.03.06"]
[EventType "team-tourn"]
[EventCountry "CZE"]
[SourceTitle "playchess.com"]
[Source "ChessBase"]
[SourceQuality "1"]

{[%evp 15,104,54,94,58,45,33,55,50,52,43,64,11,19,21,21,22,29,1,36,0,13,0,0,0,0,0,9,15,77,92,72,0,0,0,0,-25,-20,-35,-37,-82,-32,-39,-28,-136,-135,-265,-308,-633,-633,-581,-358,-770,-769,-787,-764,-5121,-5121,-5089,-5037,-1822,-1670,-1039,0,-724,0,-1297,-1260,-5029,-5029,-2265,-2197,-1889,-1747,-1010,-970,-1663,-738,-2492,-941,-1233,-794,-1038,-964,-883,-630,-621,-576,-4795,-2142,-5306,-822]} 1. e4 g6 2. d4 Bg7 3. Nf3 d6 4. Nc3 c6 5. Be3 b5 6. Bd3 Bb7 7. Qd2 Nd7 8. O-O Qc7 9. a4 {B06: Modern Defence.} b4 10. Ne2 a5 11. c3 {White is slightly better.} bxc3 12. bxc3 {[#]} Ba6 $146 ({Predecessor:} 12... Ngf6 13. Bh6 O-O 14. Ng3 Rfe8 15. Bxg7 Kxg7 16. h4 e5 17. h5 c5 18. Rfe1 h6 19. hxg6 fxg6 {½-½ (54) Nguyen,V (2370)-Velarde Ramirez,H (2209) Budapest 2019}) 13. Rab1 ({White should try} 13. Bxa6 $14 Rxa6 14. Rab1) 13... Bxd3 $11 14. Qxd3 Ngf6 15. Nd2 O-O 16. Bg5 h6 17. Bh4 Rfb8 18. f4 Rxb1 19. Rxb1 Rb8 20. e5 Rxb1+ 21. Qxb1 dxe5 (21... Nd5 $11) 22. fxe5 $16 Nd5 23. Nc4 (23. c4 $16 Ne3 24. Bf2 (24. Bxe7 Nxe5 25. Bc5 N5xc4 $17)) 23... Nf8 24. Qb3 Ne6 25. Bg3 h5 26. Kf1 Bh6 27. Be1 Qa7 28. Bf2 Qa6 29. Ke1 {Black continues to play with concentration.} (29. Na3 $11 {keeps the balance.}) 29... Kg7 $17 30. g3 {[#]} (30. h3 $17) 30... Ng5 $1 $19 {[%cal Rg5f3] aiming for ...Nf3+.} 31. Kd1 $2 (31. Ng1) 31... Ne4 32. Bg1 h4 33. gxh4 $2 (33. Ke1) 33... Qc8 34. Ke1 Qg4 35. Bf2 Nxf2 36. Kxf2 Qxh4+ {[%mdl 64] [#] Double Attack} 37. Kg2 Qe4+ {[%mdl 64] Double Attack} 38. Kf2 Qh4+ 39. Kg2 Qe4+ (39... Qg4+ $142 40. Kf2 Qh3) 40. Kf2 $1 Qh1 {Black is clearly winning.} 41. Ng3 Qxh2+ 42. Kf3 Bf4 43. Nf1 Qh3+ 44. Kf2 Bg5 {...Nf4 is the strong threat.} 45. Qc2 Nxc3 (45... Bh4+ $142 46. Kg1 Nf4) 46. Nxa5 Qh4+ (46... Bh4+ $142 47. Kg1 Qf3) 47. Kg2 Qxd4 48. Nb3 Qd5+ 49. Kg1 Nxa4 50. Nbd2 Bxd2 51. Qxa4 Bc3 52. Qc2 Qxe5 {Accuracy: White = 31%, Black = 68%.} 0-1

[Event "WSTCC-50 2020"]
[Site "Prague"]
[Date "2020.03.09"]
[Round "4.19"]
[White "Fatalibekova, Elena"]
[Black "Cejkova, Miroslava"]
[Result "1-0"]
[WhiteElo "2158"]
[BlackElo "1998"]
[Annotator "ChessBase"]
[PlyCount "111"]
[EventDate "2020.03.06"]
[EventType "team-tourn"]
[EventCountry "CZE"]
[SourceTitle "playchess.com"]
[Source "ChessBase"]
[SourceQuality "1"]
[TimeControl "40/5400+30:1800+30"]

1. e4 {[%emt 0:00:00]} e5 {[%emt 0:00:00]} 2. Nf3 {[%emt 0:00:00]} d6 {[%emt 0:00:00]} 3. d4 {[%emt 0:00:00]} Nd7 {[%emt 0:01:31]} 4. Bc4 {[%emt 0:00:46]} c6 {[%emt 0:00:25]} 5. O-O {[%emt 0:00:40]} Be7 {[%emt 0:01:14]} 6. Qe2 {[%emt 0:01:05]} h6 {[%emt 0:03:53]} 7. a4 {[%emt 0:09:47]} Ngf6 {[%emt 0:01:39]} 8. Nc3 {[%emt 0:00:33]} Qc7 {[%emt 0:01:56]} 9. dxe5 {[%emt 0:01:28]} dxe5 {[%emt 0:00:09]} 10. Nh4 {[%emt 0:02:06]} Nb6 {[%emt 0:31:35]} 11. Bb3 {[%emt 0:00:17]} g5 {[%emt 0:00:31]} 12. a5 {[%emt 0:12:39]} gxh4 {[%emt 0:07:04]} 13. axb6 {[%emt 0:00:02]} Qxb6 {[%emt 0:00:14]} 14. Be3 {[%emt 0:00:02]} Qc7 {[%emt 0:06:44]} 15. Bxa7 {[%emt 0:01:36]} b5 {[%emt 0:02:15]} 16. Bb6 {[%emt 0:07:57]} Qb7 {[%emt 0:00:08]} 17. Rxa8 {[%emt 0:00:15]} Qxa8 {[%emt 0:00:04]} 18. Bc7 {[%emt 0:00:31]} h3 {[%emt 0:04:02]} 19. Bxe5 {[%emt 0:00:56]} hxg2 {[%emt 0:00:15]} 20. Rd1 {[%emt 0:00:50]} Rg8 {[%emt 0:04:00]} 21. Bxf6 {[%emt 0:01:26]} Bxf6 {[%emt 0:00:35]} 22. e5 {[%emt 0:00:01]} Be7 {[%emt 0:01:39]} 23. e6 {[%emt 0:00:01]} fxe6 {[%emt 0:04:56]} 24. Bxe6 {[%emt 0:10:36]} Bxe6 {[%emt 0:02:29]} 25. Qxe6 {[%emt 0:00:01]} Rg7 {[%emt 0:01:15]} 26. Qxh6 {[%emt 0:00:53]} Kf7 {[%emt 0:02:44]} 27. Re1 {[%emt 0:03:36]} Bf6 {[%emt 0:02:56]} 28. Ne4 {[%emt 0:00:31]} Qd8 {[%emt 0:07:04]} 29. Qxf6+ {[%emt 0:00:58]} Qxf6 {[%emt 0:00:07]} 30. Nxf6 {[%emt 0:00:02]} Kxf6 {[%emt 0:00:07]} 31. Re3 {[%emt 0:00:02]} b4 {[%emt 0:03:08]} 32. Re4 {[%emt 0:02:07]} c5 {[%emt 0:04:03]} 33. Rc4 {[%emt 0:00:54]} Rg5 {[%emt 0:04:44]} 34. h4 {[%emt 0:00:15]} Rd5 {[%emt 0:00:34]} 35. Kxg2 {[%emt 0:00:10]} Ke6 {[%emt 0:00:26]} 36. Kg3 {[%emt 0:00:59]} Kd6 {[%emt 0:01:15]} 37. b3 {[%emt 0:00:27]} Ke6 {[%emt 0:00:39]} 38. Kg4 {[%emt 0:01:13]} Kf6 {[%emt 0:00:40]} 39. f4 {[%emt 0:03:03]} Kg6 {[%emt 0:00:15]} 40. Re4 {[%emt 0:00:00]} Rd2 {[%emt 0:00:00]} 41. h5+ {[%emt 0:04:31]} Kg7 {[%emt 0:00:28]} 42. Rc4 {[%emt 0:00:36]} Rd5 {[%emt 0:06:02]} 43. f5 {[%emt 0:00:39]} Kh6 {[%emt 0:01:17]} 44. Rf4 {[%emt 0:00:31]} Kg7 {[%emt 0:06:43]} 45. Kg5 {[%emt 0:01:14]} Rd2 {[%emt 0:00:54]} 46. h6+ {[%emt 0:00:39]} Kh7 {[%emt 0:00:21]} 47. Rc4 {[%emt 0:01:53]} Rg2+ {[%emt 0:00:30]} 48. Kf6 {[%emt 0:00:01]} Rf2 {[%emt 0:03:29]} 49. Rxc5 {[%emt 0:03:38]} Kxh6 {[%emt 0:00:11]} 50. Kf7 {[%emt 0:00:52]} Rd2 {[%emt 0:01:25]} 51. f6 {[%emt 0:00:13]} Rd7+ {[%emt 0:00:50]} 52. Ke6 {[%emt 0:01:51]} Rb7 {[%emt 0:00:22]} 53. Rf5 {[%emt 0:09:30]} Rb6+ {[%emt 0:02:19]} 54. Kd7 {[%emt 0:00:44]} Kg6 {[%emt 0:02:41]} 55. f7 {[%emt 0:00:35]} Rb7+ {[%emt 0:00:55]} 56. Kc6 {[%emt 0:00:22]} 1-0

[Event "WSTCC-50 2020"]
[Site "Prague"]
[Date "2020.03.09"]
[Round "4.20"]
[White "Taborska, Veronika"]
[Black "Titorenko, Natalia I"]
[Result "1/2-1/2"]
[WhiteElo "1995"]
[BlackElo "2113"]
[Annotator "ChessBase"]
[PlyCount "70"]
[EventDate "2020.03.06"]
[EventType "team-tourn"]
[EventCountry "CZE"]
[SourceTitle "playchess.com"]
[Source "ChessBase"]
[SourceQuality "1"]
[TimeControl "40/5400+30:1800+30"]

1. d4 {[%emt 0:00:00]} Nf6 {[%emt 0:00:00]} 2. c4 {[%emt 0:00:00]} e6 {[%emt 0:00:00]} 3. Nc3 {[%emt 0:00:42]} Bb4 {[%emt 0:00:00]} 4. e3 {[%emt 0:00:07]} Nc6 {[%emt 0:00:29]} 5. Bd3 {[%emt 0:02:04]} d5 {[%emt 0:01:34]} 6. Nge2 {[%emt 0:02:54]} O-O {[%emt 0:05:16]} 7. O-O {[%emt 0:01:30]} dxc4 {[%emt 0:33:02]} 8. Bxc4 {[%emt 0:00:45]} Re8 {[%emt 0:07:14]} 9. a3 {[%emt 0:18:55]} Be7 {[%emt 0:17:13]} 10. b4 {[%emt 0:07:20]} a5 {[%emt 0:01:41]} 11. b5 {[%emt 0:00:48]} Nb8 {[%emt 0:00:02]} 12. Bb2 {[%emt 0:03:23]} Nbd7 {[%emt 0:01:42]} 13. Rc1 {[%emt 0:03:54]} Nb6 {[%emt 0:02:11]} 14. Bb3 {[%emt 0:05:30]} Bd6 {[%emt 0:02:43]} 15. h3 {[%emt 0:05:13]} Qe7 {[%emt 0:01:07]} 16. a4 {[%emt 0:07:00]} Bd7 {[%emt 0:03:40]} 17. e4 {[%emt 0:02:26]} e5 {[%emt 0:02:38]} 18. d5 Nh5 {[%emt 0:01:27]} 19. Ng3 {[%emt 0:10:45]} Nf4 {[%emt 0:04:35]} 20. Qf3 {[%emt 0:02:07]} Qg5 {[%emt 0:02:03]} 21. Nce2 {[%emt 0:02:31]} Ng6 {[%emt 0:04:49]} 22. Rc2 {[%emt 0:02:54]} Rf8 {[%emt 0:01:05]} 23. Bc1 {[%emt 0:01:21]} Qf6 {[%emt 0:03:12]} 24. Qxf6 {[%emt 0:01:57]} gxf6 {[%emt 0:00:01]} 25. Nh5 {[%emt 0:00:32]} f5 {[%emt 0:00:12]} 26. Nf6+ {[%emt 0:02:19]} Kg7 {[%emt 0:00:24]} 27. Nxd7 {[%emt 0:00:44]} Nxd7 {[%emt 0:00:01]} 28. exf5 {[%emt 0:00:24]} Ne7 {[%emt 0:00:07]} 29. g4 {[%emt 0:02:18]} Nc5 {[%emt 0:00:20]} 30. Rc3 {[%emt 0:00:39]} Nxb3 {[%emt 0:00:17]} 31. Rxb3 {[%emt 0:00:11]} Nxd5 {[%emt 0:00:06]} 32. Ng3 {[%emt 0:01:07]} f6 {[%emt 0:02:58]} 33. Ne4 {[%emt 0:01:18]} Nb6 34. Nxd6 cxd6 35. Rd1 d5 1/2-1/2

[Event "WSTCC-50 2020"]
[Site "Prague"]
[Date "2020.03.09"]
[Round "4.21"]
[White "Netusil, Miloslav"]
[Black "Cummings, David H."]
[Result "0-1"]
[WhiteElo "2151"]
[BlackElo "2342"]
[Annotator "TA"]
[PlyCount "72"]
[EventDate "2020.03.06"]
[EventType "team-tourn"]
[EventCountry "CZE"]
[SourceTitle "playchess.com"]
[Source "ChessBase"]
[SourceQuality "1"]

{[%evp 22,72,22,18,9,12,16,4,0,-23,-29,-25,-25,-24,-24,-33,-27,-70,-45,-41,-27,-34,-29,-129,-108,-120,-113,-113,-113,-113,-113,-285,-285,-285,-285,-311,-268,-262,-263,-252,-253,-176,-172,-216,-215,-314,-229,-388,-381,-371,-344,-325,-318]} 1. e4 e5 2. Nf3 Nc6 3. Nc3 Nf6 4. d4 exd4 5. Nxd4 Bb4 6. Nxc6 bxc6 7. Bd3 O-O 8. O-O Re8 9. Bg5 h6 10. Bh4 g5 11. Bg3 Bxc3 12. bxc3 {[#] Hoping for e5.} Nxe4 {C47: Scotch Four Knights and Four Knights with 4 g3.} 13. Qh5 {Black should prevent f4.} d6 $1 {[%mdl 4] is recently more successful than 13...Kg7.} 14. Rae1 Bf5 {[#] The position is equal.} 15. Qf3 $146 (15. Qxh6 {seems wilder.} Re6 16. Qh5 Qf6 17. h4 Rae8 18. hxg5 Qg6 19. Qxg6+ Bxg6 20. Bxe4 Bxe4 21. Rb1) ({Predecessor:} 15. Qxh6 Re6 16. Qh5 Qf6 17. Bxe4 Bxe4 18. h4 gxh4 19. Qg4+ Qg7 20. Qxh4 Rae8 21. Re2 {0-1 (56) Tari,A (2620)-Aronian,L (2765) St Petersburg 2018}) 15... Nxg3 16. Rxe8+ Qxe8 17. fxg3 Bxd3 18. cxd3 $11 {[%mdl 4096] Endgame KQR-KQR} Rb8 19. Qf2 a5 20. h4 Rb5 21. d4 Qe6 22. h5 (22. a4 $11 {remains equal.} Rb8 23. Qf3) 22... Kg7 $17 23. c4 Rb4 ({Much weaker is} 23... Qxc4 $6 24. Qf6+ Kh7 25. Qxf7+ Qxf7 26. Rxf7+ Kg8 27. Rxc7 $11) 24. d5 cxd5 25. cxd5 {[#]} Qe7 $1 ({Don't play} 25... Qxd5 $6 26. Qf6+ Kh7 27. Qxf7+ Qxf7 28. Rxf7+ Kh8 29. Rxc7 $11) 26. Qd2 $2 (26. Qc2 $17) 26... Qe5 $19 27. Qf2 Qd4 ({Weaker is} 27... Qxd5 28. Qf6+ Kh7 29. Qe7 $11) 28. Rc1 Qxf2+ 29. Kxf2 {KR-KR} Rd4 30. Rxc7 Rxd5 31. Ke3 Kf6 32. Ra7 g4 33. Ke4 (33. Ra6 {might work better.}) 33... Rxh5 34. Kf4 $2 (34. a4 {was called for.}) 34... Rc5 35. Kxg4 Rc4+ 36. Kf3 Ra4 {White got outplayed after the opening. Accuracy: White = 53%, Black = 95%.} 0-1